| 000 | 00377nam a2200157Ia 4500 | ||
|---|---|---|---|
| 003 | OSt | ||
| 005 | 20231116064127.0 | ||
| 008 | 170524s9999 xx 000 0 und d | ||
| 020 | _a9780070486775 | ||
| 040 | _cIIMT UNIVERSITY | ||
| 100 | _aRogers David | ||
| 245 | 0 | _aMathematical Elements for Computer Graphics | |
| 260 | _bTMH New Delhi | ||
| 260 | _c2007 | ||
| 942 |
_2ddc _c02 |
||
| 999 |
_c4742 _d4742 |
||